00466cam a2200181ua 45000010005000000080039000050200017000440400009000610410008000700820014000781000026000922450067001182500009001852600036001943000010002306530013002406530031002539156150223n ii |||gr||||Z||||||eng a978817273824 cMAIN aeng a398.22954 aSarangi, J.,eEditor.1 aIndian legendary writers in englishcEdited by Jaydeep Sarangi a1st. aNew Delhi:bAuthorpress,c2009. a300p. aFolklore aLegendary writers in India